[Event "no future"]
[Site "http://www.queenalice.com/game.php?id=50959"]
[Date "2006.2.3"]
[Round "-"]
[White "fabiano"]
[Black "neves"]
[Result "1-0"]
[WhiteElo "1267"]
[BlackElo "1360"]

1. d4 d5 2. c3 e6 3. Nf3 c5 4. g3 cxd4 5. Nxd4 f5 6. h4 Bc5 7. Bg5 Qd6 8. Qa4+
Nc6 9. b3 Bxd4 10. cxd4 h6 11. Bf4 1-0

[Event "Challenge"]
[Site "http://www.queenalice.com/game.php?id=55723"]
[Date "2006.3.3"]
[Round "-"]
[White "fabiano"]
[Black "luanna"]
[Result "1-0"]
[WhiteElo "1287"]
[BlackElo "813"]

1. e4 Nc6 2. d4 d6 3. d5 Nb4 4. Bb5+ c6 5. dxc6 Qc7 6. Bf4 bxc6 7. Bd3 Nxd3+ 8.
Qxd3 Qa5+ 9. c3 Be6 10. e5 Qa4 11. Ne2 Bc4 12. Qf5 e6 13. Qe4 d5 14. Qf3 Bc5 15.
O-O Nh6 16. Bxh6 gxh6 17. Qf6 Kd7 18. Qxf7+ Be7 19. Re1 Kc7 20. Qxe7+ Kc8 21.
Qxe6+ Kb7 22. Nd4 c5 23. Qe7+ Ka6 24. Qxc5 Bb5 25. Qd6+ Bc6 26. Nxc6 Rac8 27.
Ne7+ Kb7 28. Qxd5+ Kb8 29. Nxc8 Kxc8 30. Qc5+ Kd7 31. e6+ Kd8 32. Qd4+ Qxd4 33.
cxd4 Re8 34. Nc3 Re7 35. Rac1 a5 36. Rcd1 h5 37. Nd5 Rb7 38. e7+ Kd7 39. e8=Q+
Kd6 40. Qxh5 a4 41. Nf6 Rb8 42. Qe5+ Kc6 43. Qxb8 h5 44. d5+ Kc5 45. Re4 h4 46.
Qb4# 1-0

[Event "Challenge"]
[Site "http://www.queenalice.com/game.php?id=57382"]
[Date "2006.3.15"]
[Round "-"]
[White "luanna"]
[Black "fabiano"]
[Result "0-1"]
[WhiteElo "809"]
[BlackElo "1289"]

1. Nf3 d5 2. Ne5 Qd6 3. f4 f6 4. Ng4 Qxf4 5. h3 Bxg4 6. e3 Bxd1 7. exf4 Bxc2 8.
Nc3 Nc6 9. Nxd5 Rc8 10. b4 Rd8 11. Ne3 Nxb4 12. a3 Nd3+ 13. Ke2 e5 14. Nxc2 exf4
15. g4 c5 16. Bg2 c4 17. Bb2 Nxb2 18. Rab1 Nd3 19. Be4 g5 20. Bxd3 cxd3+ 21. Kf2
dxc2 22. Rbc1 Rxd2+ 23. Ke1 Rd3 24. Ke2 Rc3 25. Kd2 Rc8 26. Rhe1+ Ne7 27. Re4 h5
28. gxh5 Rxh5 29. a4 Rxh3 30. a5 f5 31. Re5 f3 32. Kd3 f2+ 33. Ke2 Bg7 34. Re6
Bb2 35. Rb1 c1=Q 36. Rxc1 Bxc1 37. Kxf2 g4 38. Ke2 Re3+ 39. Kf2 g3+ 40. Kg2 Rc2+
41. Kh3 Rxe6 42. Kh4 Rg6 43. Kh5 Rh2# 0-1

[Event "Challenge"]
[Site "http://www.queenalice.com/game.php?id=57383"]
[Date "2006.3.15"]
[Round "-"]
[White "luanna"]
[Black "fabiano"]
[Result "0-1"]
[WhiteElo "807"]
[BlackElo "1310"]

1. c3 Nc6 2. c4 Nd4 3. e3 Nf5 4. e4 Nd4 5. Nc3 c5 6. g3 Nf6 7. e5 Qb6 8. Nd5
Nxd5 9. cxd5 d6 10. exd6 Qxd6 11. Qa4+ b5 12. Qa5 Qxd5 13. f3 Nc2+ 14. Kd1 Nxa1
15. b3 Bf5 16. g4 Bd3 17. Nh3 Qxf3+ 18. Ke1 Bxf1 19. Rxf1 Qg2 20. Qxb5+ Kd8 21.
Rf2 Qxh3 22. Qxc5 Qxg4 23. Qd5+ Qd7 24. Qxa8+ Qc8 25. Qd5+ Ke8 26. Ba3 Nc2+ 27.
Ke2 Nxa3 28. Rxf7 Qd8 29. Rxf8+ Rxf8 30. Qh5+ g6 31. Qh6 Qd6 32. d4 Qxd4 33. Qh3
Qf2+ 34. Kd1 Qxa2 35. Qc3 Qxh2 36. Qc8+ Kf7 37. Qc5 Qh5+ 38. Kd2 Qxc5 39. Kd1
Rd8+ 40. Ke2 Qe5+ 41. Kf3 Rd3+ 42. Kf2 Qe3+ 43. Kf1 Qd2 44. Kg1 Rf3 45. b4 Qf2+
46. Kh1 Rh3# 0-1

[Event "Challenge"]
[Site "http://www.queenalice.com/game.php?id=57384"]
[Date "2006.3.15"]
[Round "-"]
[White "luanna"]
[Black "fabiano"]
[Result "1-0"]
[WhiteElo "799"]
[BlackElo "1314"]

1. b4 Nc6 2. b5 Nd4 3. e3 Nf5 4. e4 Nd4 5. c3 Ne6 6. Nf3 d5 7. exd5 Qxd5 8. Qe2
Nf4 9. Qe3 Qf5 10. Ba3 Be6 11. c4 Rd8 12. Nd4 Qg4 13. f3 Qg5 14. h4 Nxg2+ 15.
Bxg2 Qxg2 16. Rf1 Qg3+ 17. Rf2 Qxh4 18. f4 Bxc4 19. Nc3 Qh1+ 20. Rf1 Bxf1 21.
Qf2 Bd3+ 22. Qf1 Qh4+ 23. Qf2 Qxf2+ 24. Kxf2 Rxd4 25. Ke3 Rd8 26. Nd5 Rxd5 27.
Rc1 Nf6 28. Kf3 e6 29. Rc3 Ne4 30. Kg4 Nxc3 31. dxc3 Bxa3 32. c4 Bxc4 33. Kh3
Bxa2 34. Kh4 Rxb5 35. Kg3 O-O 36. Kh3 e5 37. fxe5 Rxe5 38. Kg3 c5 39. Kf4 f6 40.
Kg4 f5+ 41. Kf4 Bb2 42. Kg5 f4+ 43. Kh4 f3 44. Kg4 f2 45. Kh3 f1=Q+ 46. Kh4 Qf4+
47. Kh3 1-0

[Event "Challenge"]
[Site "http://www.queenalice.com/game.php?id=57916"]
[Date "2006.3.17"]
[Round "-"]
[White "koshnarek"]
[Black "fabiano"]
[Result "0-1"]
[WhiteElo "1371"]
[BlackElo "1291"]

1. e4 d5 2. Nc3 c6 3. d3 d4 4. Na4 c5 5. Nxc5 Qa5+ 6. Bd2 Qxc5 7. a3 Nf6 8. b4
Qd6 9. c4 Bg4 10. f3 Bh5 11. g4 Bg6 12. Nh3 h5 13. gxh5 Bxh5 14. c5 Qd8 15. Nf4
e5 16. Nxh5 Nxh5 17. Rg1 Qh4+ 18. Ke2 Qxh2+ 19. Rg2 Qh1 20. Qa4+ Nc6 21. b5 Ng3+
22. Rxg3 Ne7 23. b6+ Nc6 24. Bb4 Qh2+ 25. Rg2 Qh1 26. Kd2 Be7 27. Rxg7 Qxf1 28.
Rxf1 Bf8 29. Rg5 f6 30. Rf5 Bh6+ 31. f4 exf4 32. Rh1 f3+ 33. Ke1 a6 34. Rxf6 Bg7
35. Re6+ Kf7 36. Rxh8 Bxh8 37. Rh6 Kg7 38. Rh3 Rf8 39. Rg3+ Kh6 40. Bd2+ Kh5 41.
Kf2 Ne5 42. Qxd4 Ng4+ 43. Rxg4 Bxd4+ 44. Be3 Bxe3+ 45. Kg3 f2 46. Rh4+ Kg6 47.
Rh1 f1=Q 48. Rxf1 Rxf1 49. Kg2 Rc1 50. Kf3 Bxc5 51. e5 Bxa3 52. Ke4 Bc5 53. d4
Bxb6 54. d5 Rd1 55. d6 a5 56. e6 Re1+ 57. Kd5 Bd8 58. e7 Bxe7 59. dxe7 Rxe7 60.
Kc5 Re5+ 61. Kb6 a4 62. Kxb7 a3 63. Kc6 a2 64. Kd6 Rf5 65. Ke6 a1=Q 66. Ke7 Qg7+
67. Ke6 Qf6+ 68. Kd7 Rd5+ 69. Kc8 Qc3+ 70. Kb7 Rb5+ 71. Ka6 Qa5# 0-1

[Event "Challenge"]
[Site "http://www.queenalice.com/game.php?id=60495"]
[Date "2006.3.31"]
[Round "-"]
[White "luanna"]
[Black "fabiano"]
[Result "0-1"]
[WhiteElo "805"]
[BlackElo "1312"]

1. c4 c5 2. Nf3 d5 3. b3 d4 4. Ba3 Nf6 5. Ne5 Bg4 6. h3 Bf5 7. g4 Be4 8. Rh2 Qc7
9. g5 Qxe5 10. gxf6 gxf6 11. e3 Qxh2 12. d3 Bf5 13. e4 Bxh3 14. Qf3 Nc6 15. Bxc5
Bxf1 16. Kxf1 O-O-O 17. Na3 Ne5 18. Qf5+ e6 19. Qxf6 Bxc5 20. Nb5 Qh1+ 21. Ke2
Qxa1 22. f4 Qb2+ 23. Kd1 Nxd3 24. Nxd4 Bxd4 25. Qg5 Qxa2 26. f5 Qxb3+ 27. Kd2
Qxc4 28. f6 Qc3+ 29. Ke2 Rhg8 30. Qh5 Bxf6 31. Qf5 Qe1+ 32. Kf3 Rg3# 0-1

[Event "Challenge"]
[Site "http://www.queenalice.com/game.php?id=66974"]
[Date "2006.5.5"]
[Round "-"]
[White "fabriciotomasi"]
[Black "fabiano"]
[Result "1-0"]
[WhiteElo "952"]
[BlackElo "1287"]

1. e4 e5 2. a3 b6 3. b4 g5 4. Nf3 Bg7 5. Nxg5 Qxg5 6. h4 Qf4 7. g3 Qxe4+ 8. Qe2
Qxh1 9. Nc3 e4 10. Nxe4 Bxa1 11. Nf6+ Kf8 12. Qe8+ Kg7 13. Nh5+ Kh6 14. g4 Nf6
15. Qe3+ Kg6 16. Qg5# 1-0

[Event "Challenge"]
[Site "http://www.queenalice.com/game.php?id=610667"]
[Date "2009.6.29"]
[Round "-"]
[White "fabiano"]
[Black "neves"]
[Result "0-1"]
[WhiteElo "1282"]
[BlackElo "1748"]

1. Nc3 d5 2. Nf3 e6 3. e4 d4 4. Nb5 c5 5. c3 a6 6. Na3 Nc6 7. Qa4 b5 8. Nxb5 a5
9. d3 Ba6 10. c4 g6 11. e5 f5 12. Ng5 Qd7 13. g4 Nxe5 14. b4 axb4 15. Bg2 Nc6
16. Nc7+ Qxc7 17. Bxc6+ Ke7 18. Bxa8 Bb7 19. Qa7 Qe5+ 20. Kd2 Qf4+ 21. Kc2 Qxf2+
22. Kb3 Qe2 0-1